000 02523cam a2200421 a 4500
001 63279
005 20230410115908.0
008 060523s2005 nyu 000 0aeng d
035 _a14386933
925 0 _aacquire
_b2 shelf copies
_xpolicy default
942 _2lcc
_cbk
010 _a 2006276819
040 _aOCO
_cOCO
_dBAKER
_dCOC
_dVP@
_dBUR
_dBOS
_dDLC
020 _a1592402445
024 3 0 _a9781592401567
_d52600
035 _a(OCoLC)ocm61747925
042 _alccopycat
043 _aa-iq---
_an-us---
050 1 4 _aHQ 1735
_bS161b 2005
100 1 _aSalbi, Zainab.
245 1 0 _aBetween two worlds :
_bescape from tyranny : growing up in the shadow of Saddam /
_cZainab Salbi and Laurie Becklund.
260 _aNew York, N.Y. :
_bGotham Books,
_cc2005.
300 _a296 p. ;
_c22 cm.
520 _aZainab Salbi was eleven years old when her father was chosen to serve as Saddam Hussein's personal pilot, her family often forced to spend weekends with Saddam. As a palace insider, she offers a glimpse of life under a dictator and provides an intimate portrait of the man she was taught to call "uncle". She was asked to erase her memory as she heard of crimes she was not supposed to hear of, and witnessed her mother hiding her tears lest it upset Saddam. Her mother eventually sent her to America for an arranged marriage, to spare her from Saddam's affection, but the marriage turned out to be another world of tyranny and abuse. Despite extraordinary challenges, she started over as a champion of female victims of war, dedicating her life to speaking out on behalf of oppressed women around the world. But until now, she has never told her personal tale.--From publisher description.
600 1 0 _aSalbi, Zainab.
650 0 _aWomen
_zIraq
_xSocial conditions
_y20th century.
600 1 0 _aHussein, Saddam,
_d1937-2006
_xFriends and associates.
650 0 _aAbused women
_zIraq
_vBiography.
650 0 _aArranged marriage
_zUnited States.
650 0 _aAbused wives
_zUnited States
_vBiography.
650 0 _aMothers and daughters
_zIraq.
651 0 _aIraq
_xPolitics and government
_y1979-1991.
651 0 _aIraq
_xPolitics and government
_y1991-2003.
700 1 _aBecklund, Laurie.
856 4 2 _3Contributor biographical information
_uhttp://www.loc.gov/catdir/enhancements/fy0720/2006276819-b.html
856 4 2 _3Publisher description
_uhttp://www.loc.gov/catdir/enhancements/fy0720/2006276819-d.html
856 4 1 _3Sample text
_uhttp://www.loc.gov/catdir/enhancements/fy0720/2006276819-s.html
999 _c50040
_d50040